00834nam a2200205 4500010001300000020002300013035001300036037001600049040001200065082002000077245011500097260005500212270004900267300001800316650006000334650005000394942002900444999001900473952013600492 aA-991942 a8176291277c950.00 aA-991942 aCen Lib/Ret aDPLbEN a356.540663bNAI aThe law of cooperative societies in India :b central and states' cooperative legislation /cby Rishpal Nainta aNew Delhi bDeep & Deep Publication Pvt. Ltdc1999 aF-159, Rajouri Garden, bNew Delhi e110027 a1285p.b25cm. aCooperative societies -- Law and legislation -- India.  aCooperative societies -- Law and legislation. 2ddccENh356.540663mNAI c136434d136434 001040718REFaLbLd2016-03-02eCen Lib/Retg950.00l0o356.540663 NAIpA-991942r2016-03-02 00:00:00t1v950.00w2016-03-02yEN